| 000 | 01372cam a22001934a 4500 | ||
|---|---|---|---|
| 005 | 20250605164042.0 | ||
| 008 | 250528s ||||||||||||||||||||||||d | ||
| 035 | _a17005 | ||
| 020 | _a52129052 | ||
| 040 |
_aGR-AtMCL _bgre _dGR-AtMCL _eAACR2 |
||
| 245 | 1 | _aCulture and Communication / The Logic by which Symbols are Connected | |
| 260 |
_bCambridge University Press, _c1993 |
||
| 300 | _a118 | ||
| 520 | _aThis book provides the prolegomena necessary to understand the final chapter of Levi-Strauss's massive four-volume Mythologies. Introduction, Empiricists and Rationalists: Economic Transactions and Acts of Communication, Problems of Terminology, Objects and Sense-Images and Concepts, Signal and Indices, Transformations, Theories of Magic and Sorcery, The Symbolic Ordering of a Man-Made World: Boundaries of Social Space and Time, The Material Representation of Abstract Ideas: Ritual Condensation, Orchestral Performance as a Metaphor for Ritual Sequence, The Physiological Basis of Sign/ Symbol Sets, Mapping: Time and Space as Reciprocal Representations, Rank Order and Orientation, Examples of Binary Coding, Mating Prescriptions and Proscriptions, Logic and Mytho-Logic, Basic Cosmology, Rites of Transition, The Logic of Sacrifice, Conclusion, Bibliography, Index. | ||
| 700 | 1 |
_aLeach Edmund _93134 |
|
| 942 | _cBK | ||
| 999 |
_c2446 _d2446 |
||